000 01390nam a2200349Ia 4500
001 ebr10135554
003 CaPaEBR
006 m u
007 cr cn|||||||||
008 030915s2004 nyua sb 001 0 eng d
010 _z 2003065635
020 _z1403981639
020 _z1403965528
040 _aCaPaEBR
_cCaPaEBR
035 _a(OCoLC)560481806
050 1 4 _aGV706.35
_b.M38 2004eb
082 0 4 _a796/.0941/09041
_222
100 1 _aMcDevitt, Patrick F.
245 1 0 _aMay the best man win
_h[electronic resource] :
_bsport, masculinity, and nationalism in Great Britain and the Empire, 1880-1935 /
_cPatrick F. McDevitt.
250 _a1st ed.
260 _aNew York :
_bPalgrave Macmillan,
_c2004.
300 _aix, 179 p. :
_bill.
504 _aIncludes bibliographical references (p. [161]-174) and index.
533 _aElectronic reproduction.
_bPalo Alto, Calif. :
_cebrary,
_d2009.
_nAvailable via World Wide Web.
_nAccess may be limited to ebrary affiliated libraries.
650 0 _aSports and state
_zGreat Britain.
650 0 _aNationalism and sports
_zGreat Britain.
650 0 _aMasculinity.
651 0 _aGreat Britain
_xColonies
_xRace relations.
655 7 _aElectronic books.
_2local
710 2 _aebrary, Inc.
856 4 0 _uhttp://site.ebrary.com/lib/rucke/Doc?id=10135554
_zAn electronic book accessible through the World Wide Web; click to view
999 _c87479
_d87479